United Kingdom Minerals Yearbook 2006 (Record no. 107538)
[ view plain ]
| 000 -LEADER | |
|---|---|
| fixed length control field | 01059cam a22002895a 4500 |
| 001 - CONTROL NUMBER | |
| control field | L140782 |
| 008 - FIXED-LENGTH DATA ELEMENTS--GENERAL INFORMATION | |
| fixed length control field | 071011s2007 xxkd f s 000 0 eng d |
| 020 ## - INTERNATIONAL STANDARD BOOK NUMBER | |
| International Standard Book Number | 9780852726006 |
| 035 ## - SYSTEM CONTROL NUMBER | |
| System control number | (Sirsi) u140782 |
| 041 0# - LANGUAGE CODE | |
| Language code of text/sound track or separate title | eng |
| 050 04 - LIBRARY OF CONGRESS CALL NUMBER | |
| Classification number | 338.20212 $2 18 |
| 110 2# - MAIN ENTRY--CORPORATE NAME | |
| Corporate name or jurisdiction name as entry element | British Geological Survey |
| 9 (RLIN) | 1581 |
| 245 00 - TITLE STATEMENT | |
| Title | United Kingdom Minerals Yearbook 2006 |
| 260 ## - PUBLICATION, DISTRIBUTION, ETC. | |
| Place of publication, distribution, etc. | Keyworth |
| Name of publisher, distributor, etc. | British Geological Survey |
| Date of publication, distribution, etc. | 2007 |
| 300 ## - PHYSICAL DESCRIPTION | |
| Extent | vi, 102p. |
| Other physical details | ill. |
| Dimensions | 30cm. |
| 350 ## - PRICE (NR) (BK AM CF MU VM SE) [OBSOLETE] | |
| Price | 25 |
| 520 ## - SUMMARY, ETC. | |
| Summary, etc. | Annual publication provides comprehensive statistical data on minerals production, consumption and trade to 2005, provisional figures for the production of major mineral commodities in 2005, and a commentary on the UK minerals industry during that year. Contains maps, graphs and tables. |
| 590 ## - LOCAL NOTE (RLIN) | |
| Local note | KA |
| 651 #4 - SUBJECT ADDED ENTRY--GEOGRAPHIC NAME | |
| Geographic name | United Kingdom |
| Chronological subdivision | |
| 690 ## - LOCAL SUBJECT ADDED ENTRY--TOPICAL TERM (OCLC, RLIN) | |
| Topical term or geographic name as entry element | PROPERTY-RURAL AND NATURAL ASSETS-MINERAL RESOURCES |
| 700 1# - ADDED ENTRY--PERSONAL NAME | |
| Personal name | Hetherington, L. E. |
| 700 1# - ADDED ENTRY--PERSONAL NAME | |
| Personal name | Brown, T. J. |
| 700 1# - ADDED ENTRY--PERSONAL NAME | |
| Personal name | Lusty, P. A. J. |
| 700 1# - ADDED ENTRY--PERSONAL NAME | |
| Personal name | Hitchen, K. |
| 700 1# - ADDED ENTRY--PERSONAL NAME | |
| Personal name | Colman, T. B. |
| 942 ## - ADDED ENTRY ELEMENTS (KOHA) | |
| Suppress in OPAC | 0 |
| Withdrawn status | Lost status | Source of classification or shelving scheme | Damaged status | Not for loan | Home library | Current library | Shelving location | Date acquired | Total Checkouts | Full call number | Barcode | Date last seen | Copy number | Price effective from | Koha item type |
|---|---|---|---|---|---|---|---|---|---|---|---|---|---|---|---|
| Dewey Decimal Classification | London | London | Statistics | 15/10/2007 | STATISTICS | 30074295 | 06/08/2019 | 1 | 06/08/2019 | Book |